Pôsobenie a realizácia výsledkov výskumu, vedeckotechnického rozvoja a vedeckotechnickej spolupráce v podmienkach ZŤS VUHYM Dubnica nad Váhom záverečná práca postgraduálneho štúdia

Saved in:
Bibliographic Details
Main Author: Štefánek, Jozef
Corporate Author: Vysoká škola ekonomická v Bratislave
Other Authors: Urban, Eduard
Format: Book
Language:Slovak
Published: Bratislava 1990
Tags: Add Tag
No Tags, Be the first to tag this record!

MARC

LEADER 00000nam a2200000 4500
001 c022113
005 20230116121607.0
041 0 |a slo 
044 |a SK 
245 1 0 |a Pôsobenie a realizácia výsledkov výskumu, vedeckotechnického rozvoja a vedeckotechnickej spolupráce v podmienkach ZŤS VUHYM Dubnica nad Váhom  |b záverečná práca postgraduálneho štúdia  |c Jozef Štefánek ; Ved. práce Eduard Urban 
264 1 |a Bratislava  |c 1990 
300 |a 48 s. 
100 1 |a Štefánek, Jozef 
700 1 |a Urban, Eduard 
710 2 |a Vysoká škola ekonomická v Bratislave